| 000 | 01332nam a2200241Ia 4500 | ||
|---|---|---|---|
| 003 | Ost | ||
| 005 | 20260416102356.0 | ||
| 008 | 260416s9999||||xx |||||||||||||| ||und|| | ||
| 040 | _cfsecg | ||
| 041 | _aara | ||
| 082 | _a657 | ||
| 100 |
_a طبيبل، عبد السلام _eمؤلف |
||
| 245 | 0 |
_a محاسبة المالية المعمقة 1 : _bمحاسبة و مالية ، محاسبة و مراجعة ، محاسبة و جباية ، مالية المؤسسة : السنة 3 السداسي 5 / _c عبد السلام طبيبل |
|
| 260 |
_aالجزائر _bجامعة الجزائر3: كلية العلوم الإقتصادية، العلوم التجارية وعلوم التسيير _c2021 |
||
| 300 |
_a172 ورقة _bايضاحات _c30 سم |
||
| 504 | _aمراجع ص.168 | ||
| 520 | _aالتسبيقات ، التخفيضات و الفواتير ، محاسبة الأغلفة المتقدمة و محاسبة الاوراق الجارية ، محاسبة الاجور ، العقود على المدى الطويل | ||
| 653 | _aالمالية | ||
| 653 | _aالمحاسبة | ||
| 653 | _aالمحاسبة المالية | ||
| 710 |
_aجامعة الجزائر3: كلية العلوم الإقتصادية، العلوم التجارية وعلوم التسيير _eناشر علمي |
||
| 942 | _cHANDOUT | ||
| 999 |
_c41232 _d41232 |
||